|
|
|
|
| LEADER |
00961nam a22001937a 4500 |
| 008 |
150706b xxu||||| |||| 00| 0 eng d |
| 020 |
|
|
|a 9780198081692
|
| 082 |
|
|
|a 305.5122 THO
|
| 245 |
|
|
|a Blocked by caste :economic discrimination in modern India /
|c edited by Sukhadeo Thorat and Katherine S. Newman ; with a foreward by Kaushik Basu
|
| 250 |
|
|
|a 1st ed.
|
| 260 |
|
|
|a New Delhi :
|b Oxford University Press,
|c 2012.
|
| 300 |
|
|
|a 377p.
|
| 650 |
|
|
|a Economic discrimination
|
| 700 |
|
|
|a Thorat, Sukhadeo
|
| 700 |
|
|
|a Newman, Katherine S.
|
| 942 |
|
|
|2 ddc
|c BK
|
| 999 |
|
|
|c 11650
|d 11650
|
| 952 |
|
|
|0 0
|1 0
|2 ddc
|4 0
|6 305_512200000000000_THO
|7 0
|9 16462
|a MAIN
|b MAIN
|d 2015-07-06
|e Professional Book Stall
|g 425.00
|l 1
|m 1
|o 305.5122 THO
|p 16779
|r 2017-05-11
|s 2015-10-29
|t 1
|w 2015-07-06
|y BK
|
| 952 |
|
|
|0 0
|1 0
|2 ddc
|4 0
|6 305_512200000000000_THO
|7 0
|9 17323
|a MAIN
|b MAIN
|d 2015-09-09
|e Current Books, Calicut (D. C. Books)
|g 475.00
|l 1
|o 305.5122 THO
|p 18419
|r 2017-05-11
|s 2015-12-22
|t 2
|w 2015-09-09
|y BK
|